[Event "PRO League Atlantic"]
[Site "Chess.com INT"]
[Date "2017.01.11"]
[Round "1"]
[White "Pacheco, Daniel"]
[Black "Shen, Christopher Y"]
[Result "1-0"]
[WhiteElo "2279"]
[BlackElo "2165"]
[PlyCount "87"]
[EventDate "2017.01.11"]
[EventType "team-swiss (rapid)"]
[EventRounds "7"]
[EventCountry "USA"]
[SourceTitle "CBM 176 Extra"]
[Source "ChessBase"]
[SourceDate "2017.03.02"]
[SourceVersion "1"]
[SourceVersionDate "2017.03.02"]
[SourceQuality "1"]
[WhiteTeam "Patagonia Penguins"]
[BlackTeam "Columbus Cardinals"]
[WhiteTeamCountry "ARG"]
[BlackTeamCountry "USA"]

1. d4 d6 2. Bf4 g6 3. Nc3 Bg7 4. Nf3 Nf6 5. Qd2 h6 6. h4 Nbd7 7. e4 Nh5 8. Be3 Ndf6 9. Nh2 Ng4 10. Nxg4 Bxg4 11. Bc4 c6 12. f3 Bd7 13. g4 Nf6 14. e5 Ng8 15. exd6 exd6 16. 0-0-0 d5 17. Rde1 Ne7 18. Be2 Be6 19. f4 Qd7 20. Rhg1 Bf6 21. h5 0-0-0 22. Na4 b6 23. Qb4 Qb7 24. hxg6 fxg6 25. g5 hxg5 26. fxg5 Bg7 27. Bf4 Nf5 28. Ba6 Qxa6 29. Rxe6 Qb7 30. c3 Rhe8 31. Rge1 Qd7 32. Nxb6+ axb6 33. Qxb6 Nd6 34. Bxd6 Qxd6 35. Rxd6 Rxe1+ 36. Kd2 Rxd6 37. Kxe1 Bf8 38. a4 Be7 39. a5 Bd8 40. Qa7 Bc7 41. a6 Kd7 42. Qb7 Re6+ 43. Kd1 Re8 44. a7 1-0

[Event "Mina Clavero"]
[Site "Mina Clavero"]
[Date "2016.05.14"]
[Round "8"]
[White "Pacheco, Daniel"]
[Black "Fernandez Reyes, Lisandro"]
[Result "0-1"]
[WhiteElo "2312"]
[BlackElo "2356"]
[PlyCount "80"]
[EventDate "2016.05.10"]
[EventType "tourn"]
[EventRounds "9"]
[EventCountry "ARG"]
[EventCategory "3"]
[SourceTitle "CBM 172 Extra"]
[Source "ChessBase"]
[SourceDate "2016.06.21"]
[SourceVersion "1"]
[SourceVersionDate "2016.06.21"]
[SourceQuality "1"]

1. c4 Nf6 2. Nc3 g6 3. e4 d6 4. g3 Bg7 5. Bg2 0-0 6. Nge2 e5 7. 0-0 c6 8. b3 a5 9. Bb2 Na6 10. d4 exd4 11. Nxd4 Nc5 12. Qd2 Re8 13. f3 Qb6 14. Kh1 Nfd7 15. Rab1 a4 16. Rfd1 axb3 17. axb3 Ne5 18. Qc2 Ned3 19. Ba1 Nb4 20. Qd2 Rxa1 21. Rxa1 Ncd3 22. Bf1 Qxd4 23. Bxd3 Qxc3 24. Qxc3 Bxc3 25. Ra8 Kf8 26. Bf1 Ke7 27. f4 Na6 28. Be2 Nc5 29. Bf3 Bd7 30. Ra7 Rb8 31. Kg2 Na6 32. b4 Bxb4 33. Rb1 Kd8 34. c5 dxc5 35. Be2 Kc7 36. Rd1 Bc8 37. Ra1 Kb6 38. R1xa6+ bxa6 39. Rxf7 Be6 40. Rxh7 c4 0-1

[Event "Mina Clavero"]
[Site "Mina Clavero"]
[Date "2016.05.14"]
[Round "7"]
[White "Toniutti, Ezio"]
[Black "Pacheco, Daniel"]
[Result "1/2-1/2"]
[WhiteElo "2231"]
[BlackElo "2312"]
[PlyCount "94"]
[EventDate "2016.05.10"]
[EventType "tourn"]
[EventRounds "9"]
[EventCountry "ARG"]
[EventCategory "3"]
[SourceTitle "CBM 172 Extra"]
[Source "ChessBase"]
[SourceDate "2016.06.21"]
[SourceVersion "1"]
[SourceVersionDate "2016.06.21"]
[SourceQuality "1"]

1. d4 Nf6 2. c4 e5 3. dxe5 Ng4 4. Bf4 Bb4+ 5. Nd2 d6 6. exd6 Qf6 7. Nh3 Nxf2 8. Kxf2 Bxh3 9. g3 Bxf1 10. Rxf1 Qd4+ 11. Kf3 Bxd6 12. Ne4 Qxd1 13. Raxd1 Bxf4 14. gxf4 Nd7 15. Rg1 0-0-0 16. Ng5 Rdf8 17. b4 g6 18. e4 h6 19. Nh3 g5 20. Nf2 f6 21. h4 Rf7 22. Ke3 Rhf8 23. Ng4 Re7 24. Nxh6 Rfe8 25. Rd4 c5 26. bxc5 gxf4+ 27. Kxf4 Nxc5 28. Nf5 Rxe4+ 29. Rxe4 Rxe4+ 30. Kf3 Re5 31. Ne3 Ne6 32. Rh1 Nd4+ 33. Kf2 Ra5 34. h5 Rxa2+ 35. Kg3 Re2 36. Nd5 Nf5+ 37. Kf3 Re8 38. h6 Nd6 39. h7 Nf7 40. Nxf6 Rf8 41. Rg1 Kd8 42. Rg8 Ke7 43. Nd5+ Ke8 44. Nf6+ Ke7 45. Nd5+ Ke8 46. Nf6+ Ke7 47. Nd5+ Ke8 1/2-1/2

[Event "Mina Clavero"]
[Site "Mina Clavero"]
[Date "2016.05.13"]
[Round "5"]
[White "Contin, Daniel"]
[Black "Pacheco, Daniel"]
[Result "0-1"]
[WhiteElo "2242"]
[BlackElo "2312"]
[PlyCount "118"]
[EventDate "2016.05.10"]
[EventType "tourn"]
[EventRounds "9"]
[EventCountry "ARG"]
[EventCategory "3"]
[SourceTitle "CBM 172 Extra"]
[Source "ChessBase"]
[SourceDate "2016.06.21"]
[SourceVersion "1"]
[SourceVersionDate "2016.06.21"]
[SourceQuality "1"]

1. c4 b6 2. Nc3 Bb7 3. e4 e6 4. Nf3 Bb4 5. Qc2 Ne7 6. g3 0-0 7. Bg2 d5 8. 0-0 dxc4 9. Ne5 Nbc6 10. Nxc4 Nd4 11. Qd1 a5 12. a3 b5 13. Nxb5 Nxb5 14. axb4 Qd3 15. Ne5 Qd4 16. Nf3 Qxb4 17. Ra4 Qd6 18. Qe2 Qb6 19. d4 Nd6 20. Ne5 Ba6 21. Qg4 Bxf1 22. Bxf1 Ng6 23. h4 f5 24. exf5 Nxe5 25. dxe5 Nxf5 26. Bc4 Rad8 27. h5 Kh8 28. Bf4 Rd4 29. b3 Nxg3 30. h6 gxh6 31. Bxe6 Rdxf4 32. Rxf4 Ne2+ 33. Qxe2 Rxf4 34. Bd5 Qg6+ 35. Kf1 Rg4 36. Qb5 Rg1+ 37. Ke2 Qc2+ 38. Ke3 Re1+ 39. Kf3 Qf5+ 40. Kg2 Qg4+ 41. Kh2 Qh4+ 42. Kg2 Qh1+ 43. Kg3 Rg1+ 44. Kf4 Qh2+ 45. Kf3 Qh5+ 46. Kf4 Rg4+ 47. Ke3 Qxe5+ 48. Kf3 Rb4 49. Qd7 Qf4+ 50. Ke2 Qg4+ 51. Qxg4 Rxg4 52. Kd3 c5 53. Be4 h5 54. f3 Rg5 55. Kc4 h4 56. Kb5 h3 57. f4 Rg4 58. Kxa5 Rxf4 59. Bd5 Rb4 0-1